| 000 | 00468nam a2200145Ia 4500 | ||
|---|---|---|---|
| 008 | 220216s9999 xx 000 0 und d | ||
| 100 | _aPal Bijay Baran | ||
| 245 | 0 | _aUsing fuzzy goal programming for long range production planning in agricultural systems | |
| 260 |
_bIndian Journal of Agricultural Economics _c2004 |
||
| 300 | _a75-90 | ||
| 650 | _aAgricultural planning system | ||
| 650 | _aFuzzy global programming | ||
| 700 | _aMoitra Bhola Nath | ||
| 942 | _cJS | ||
| 999 |
_c71994 _d71994 |
||